|
|
|
|
| LEADER |
00000cam a2200000 4500 |
| 001 |
vtls011739273 |
| 003 |
SK-MaSNL |
| 005 |
20260426003531.0 |
| 008 |
200104s2017 xo o g 001 0 slo |
| 015 |
|
|
|a SNBA2018/06
|
| 020 |
|
|
|a 9788081360800
|q (viazané)
|
| 035 |
|
|
|a urn:nbn:sk:snk-am00d2y6
|
| 035 |
|
|
|a urn:nbn:sk:snk-am3hjw8
|
| 035 |
|
|
|a 6126D9E3-5D04-417A-9426-136834B28D09
|
| 040 |
|
|
|a SNK
|b slo
|c SNK
|e rda
|
| 041 |
0 |
|
|a slo
|
| 043 |
|
|
|a e-xo---
|
| 044 |
|
|
|a xo
|c SK
|
| 072 |
|
7 |
|a 00
|x Veda. Všeobecnosti. Základy vedy a kultúry. Vedecká práca
|2 konspekt
|
| 080 |
|
|
|a 929
|2 2011
|
| 080 |
|
|
|a 911.375(091)
|2 2011
|
| 080 |
|
|
|a (437.611)
|2 2011
|
| 080 |
|
|
|a (048.8)
|2 2011
|
| 080 |
|
|
|a 088
|2 2011
|
| 080 |
|
|
|a 502.2:338.483.11
|2 2011
|
| 080 |
|
|
|a 913:338.483.1
|2 2011
|
| 080 |
|
|
|a 0/9
|2 2011
|
| 100 |
1 |
|
|a Ondrejka, Kliment
|4 aut
|9 275643
|
| 245 |
1 |
0 |
|a Rekordy Bratislavy
|c Kliment Ondrejka ; fotografie: Daniel Kollár, Zuzana Kollárová, Juraj Kucharík, Ján Lacika, Marianna Lázničková
|
| 250 |
|
|
|a 1. vydanie
|
| 264 |
|
1 |
|a Bratislava
|b Dajama
|c 2017
|
| 300 |
|
|
|a 96 strán
|b fotografie (prevažne farebné)
|c 22 cm
|
| 336 |
|
|
|a text
|b txt
|2 rdacontent
|
| 337 |
|
|
|a bez média
|b n
|2 rdamedia
|
| 338 |
|
|
|a zväzok
|b nc
|2 rdacarrier
|
| 504 |
|
|
|a Obsahuje register
|
| 650 |
0 |
7 |
|a osobnosti
|2 SNKPH
|9 29820
|
| 650 |
0 |
7 |
|a dejiny miest
|2 SNKPH
|9 164833
|
| 650 |
0 |
7 |
|a Celebrities
|2 SNKPHeng
|9 265203
|
| 650 |
0 |
7 |
|a History of cities and towns
|2 SNKPHeng
|9 267901
|
| 650 |
0 |
7 |
|a kuriozity, rekordy a zaujímavosti
|2 SNKPH
|9 3788
|
| 650 |
0 |
7 |
|a Curiosities, records and wonders
|2 SNKPHeng
|9 303331
|
| 650 |
0 |
7 |
|a prírodné zaujímavosti
|2 SNKPH
|9 67558
|
| 650 |
0 |
7 |
|a Natural sights
|2 SNKPHeng
|9 276256
|
| 650 |
0 |
7 |
|a turistické zaujímavosti
|2 SNKPH
|9 73869
|
| 650 |
0 |
7 |
|a Tourist sights
|2 SNKPHeng
|9 296885
|
| 650 |
0 |
7 |
|a všeobecnosti a zaujímavosti
|2 SNKPH
|9 4162
|
| 650 |
0 |
7 |
|a General and attractions
|2 SNKPHeng
|9 267066
|
| 651 |
|
7 |
|a Bratislava (Slovensko)
|2 SNKPHgeo
|9 14568
|
| 651 |
|
7 |
|a Bratislava (Slovakia)
|2 SNKPHeng
|9 171234
|
| 655 |
|
7 |
|a monografie
|2 SNKPH
|9 70139
|
| 655 |
|
7 |
|a Monographs
|2 SNKPHeng
|9 120675
|
| 700 |
1 |
|
|a Kollár, Daniel
|4 pht
|9 154217
|
| 700 |
1 |
|
|a Kollárová, Zuzana
|4 pht
|9 10478
|
| 700 |
1 |
|
|a Kucharík, Juraj,
|d 1991-
|4 pht
|9 174376
|
| 700 |
1 |
|
|a Lacika, Ján,
|d 1956-
|4 pht
|9 101502
|
| 700 |
1 |
|
|a Lázničková, Marianna
|4 pht
|9 70311
|
| 852 |
|
|
|a Štátna vedecká knižnica v Banskej Bystrici
|
| 919 |
|
|
|a 978-80-8136-080-0
|
| 999 |
|
|
|c 947751
|d 949681
|
| 952 |
|
|
|a SNK
|b SNK
|y PREZ
|7 0
|p 17A1329552
|o snkSC 179119
|i snk2018/8397
|8 0
|0 0
|1 0
|4 0
|d 2018-04-12
|f 1
|l 0
|r 2026-02-24 09:38:56
|w 2026-02-24
|
| 952 |
|
|
|a SNK
|b SNK
|y VYP
|7 0
|p 17A1329553
|o snkSC 179119 D1
|i snk2018/8398
|8 0
|0 0
|1 0
|4 0
|d 2018-04-12
|l 0
|r 2026-02-24 09:38:56
|w 2026-02-24
|